000 00437nam a2200157 i 4500
001 37058
003 ES-MaACL
005 20230906155508.0
007 t|
008 030220s1936 fr ||||1| fre d
100 1 _aBruhat, Georges.
_932109
245 1 0 _aCours de Physique génerale
_b: recueil de problemes /
_cGeorges Bruhat.
260 _aParís :
_bMasson et Cie,
_c1936.
300 _a357 p. ;
_c24 cm.
852 _aES-MaACL
_jA-4492
999 _c37058
_d37058